[Event "URS-ch1"]
[Site "Soviet Union"]
[Date "1985.??.??"]
[Round "?"]
[White "Dolmatov, Sergey"]
[Black "Gufeld, Eduard"]
[Result "1-0"]
[WhiteElo "2520"]
[BlackElo "2480"]
[PlyCount "107"]
[EventDate "1986.??.??"]
[EventType "swiss"]
[EventRounds "13"]
[EventCountry "URS"]
[SourceTitle "EXT 2008"]
[Source "ChessBase"]
[SourceDate "2007.11.25"]
[SourceVersion "1"]
[SourceVersionDate "2007.11.25"]
[SourceQuality "1"]

1. e4 c5 2. Nf3 Nc6 3. d4 cxd4 4. Nxd4 g6 5. c4 Bg7 6. Be3 Nf6 7. Nc3 d6 8. Be2
O-O 9. O-O Bd7 10. Qd2 Nxd4 11. Bxd4 Bc6 12. f3 Nd7 13. Bxg7 Kxg7 14. Kh1 a5
15. f4 Qb6 16. Rae1 Qb4 17. Rf3 Rad8 18. Bf1 a4 19. Rh3 Nf6 20. a3 Qc5 21. Nd5
Bxd5 22. exd5 Rfe8 23. Rhe3 Ng4 24. Rf3 e6 25. h3 Nf6 26. dxe6 Rxe6 27. Rxe6
fxe6 28. b4 axb3 29. Rxb3 b6 30. Qb2 Qf5 31. Qd4 e5 32. Qxb6 Rd7 33. Rf3 exf4
34. a4 Qe5 35. a5 Ne4 36. a6 Ng3+ 37. Kg1 g5 38. Ra3 Qe1 39. Qf2 Qxf2+ 40. Kxf2
Ra7 41. Bd3 Nh5 42. Ra5 h6 43. c5 Kf6 44. cxd6 Ke6 45. h4 Nf6 46. hxg5 hxg5 47.
Kf3 Nd7 48. Bf5+ Kxd6 49. Bxd7 Kxd7 50. Kg4 Kc7 51. Kxg5 Kb6 52. Ra2 Rf7 53. a7
Rxa7 54. Rxa7 1-0

[Event "URS-ch1"]
[Site "Soviet Union"]
[Date "1985.??.??"]
[Round "?"]
[White "Dolmatov, Sergey"]
[Black "Gulko, Boris"]
[Result "1-0"]
[WhiteElo "2520"]
[BlackElo "2515"]
[PlyCount "71"]
[EventDate "1986.??.??"]
[EventType "swiss"]
[EventRounds "13"]
[EventCountry "URS"]
[SourceTitle "EXT 2008"]
[Source "ChessBase"]
[SourceDate "2007.11.25"]
[SourceVersion "1"]
[SourceVersionDate "2007.11.25"]
[SourceQuality "1"]

1. e4 e6 2. d4 d5 3. Nc3 Bb4 4. e5 b6 5. a3 Bf8 6. Nf3 Ne7 7. h4 c5 8. h5 h6 9.
Ne2 Ba6 10. c3 Nec6 11. b4 Be7 12. Rh3 Qc7 13. Nf4 Bxf1 14. Kxf1 Nd7 15. Rg3
Bf8 16. Be3 O-O-O 17. Kg1 c4 18. a4 Kb7 19. Qc2 Re8 20. Re1 a6 21. b5 axb5 22.
axb5 Na5 23. Nd2 Ra8 24. Ne2 Re8 25. f4 f6 26. Bf2 Qd8 27. Nf3 Nb3 28. Nc1 Nxc1
29. Rxc1 Qa8 30. Rg6 Qa3 31. Rb1 Qe7 32. Ra1 Ra8 33. Rxa8 Kxa8 34. f5 Rg8 35.
Qa4+ Kb8 36. exf6 1-0

[Event "URS-ch1"]
[Site "Soviet Union"]
[Date "1985.??.??"]
[Round "?"]
[White "Yudasin, Leonid"]
[Black "Dolmatov, Sergey"]
[Result "1/2-1/2"]
[WhiteElo "2470"]
[BlackElo "2545"]
[PlyCount "46"]
[EventDate "1986.??.??"]
[EventType "swiss"]
[EventRounds "13"]
[EventCountry "URS"]
[SourceTitle "EXT 2008"]
[Source "ChessBase"]
[SourceDate "2007.11.25"]
[SourceVersion "1"]
[SourceVersionDate "2007.11.25"]
[SourceQuality "1"]

1. e4 e6 2. d4 d5 3. Nd2 Nf6 4. e5 Nfd7 5. c3 c5 6. Bd3 Nc6 7. Ne2 cxd4 8. cxd4
f6 9. exf6 Nxf6 10. Nf3 Qc7 11. O-O Bd6 12. Nc3 a6 13. h3 O-O 14. Be3 Bd7 15.
Rc1 Be8 16. Ng5 Qe7 17. f4 h6 18. Nf3 Nh5 19. Ne5 Ng3 20. Rf3 Nf5 21. Bxf5 Rxf5
22. Na4 Bxe5 23. dxe5 d4 1/2-1/2

[Event "Lugano op"]
[Site "Lugano"]
[Date "1986.??.??"]
[Round "?"]
[White "Dolmatov, Sergey"]
[Black "Hertneck, Gerald"]
[Result "1-0"]
[WhiteElo "2515"]
[BlackElo "2445"]
[PlyCount "75"]
[EventDate "1986.02.??"]
[EventType "swiss"]
[EventRounds "9"]
[EventCountry "SUI"]
[SourceTitle "EXT 1998"]
[Source "ChessBase"]
[SourceDate "1997.11.17"]
[SourceVersion "1"]
[SourceVersionDate "1997.11.17"]
[SourceQuality "1"]

1. e4 e6 2. d4 d5 3. Nc3 Bb4 4. e5 c5 5. a3 Bxc3+ 6. bxc3 Ne7 7. Nf3 b6 8. Bb5+
Bd7 9. Bd3 c4 10. Bf1 Ba4 11. g3 Nbc6 12. h4 h6 13. h5 Kd7 14. Bh3 Qg8 15. O-O
Qh7 16. Ra2 a5 17. Nh4 g6 18. Ng2 Nf5 19. Nf4 Nce7 20. Bd2 Rab8 21. Kh2 Rhg8
22. Rb2 Qg7 23. g4 Nh4 24. f3 g5 25. Ng2 Nxg2 26. Kxg2 Qh7 27. Kh2 b5 28. f4
gxf4 29. Rxf4 b4 30. cxb4 c3 31. Bxc3 Rgc8 32. Qf3 Ke8 33. Bf1 Bxc2 34. b5 Be4
35. Qg3 Qg7 36. Rbf2 Qg5 37. Bxa5 Rc1 38. Bb4 1-0

[Event "Lugano op"]
[Site "Lugano"]
[Date "1986.??.??"]
[Round "?"]
[White "Nurkic, Sahbaz"]
[Black "Dolmatov, Sergey"]
[Result "1/2-1/2"]
[WhiteElo "2380"]
[BlackElo "2515"]
[PlyCount "69"]
[EventDate "1986.02.??"]
[EventType "swiss"]
[EventRounds "9"]
[EventCountry "SUI"]
[SourceTitle "EXT 1998"]
[Source "ChessBase"]
[SourceDate "1997.11.17"]
[SourceVersion "1"]
[SourceVersionDate "1997.11.17"]
[SourceQuality "1"]

1. e4 e6 2. d4 d5 3. Nd2 Nf6 4. e5 Nfd7 5. Bd3 c5 6. c3 Nc6 7. Ne2 cxd4 8. cxd4
f6 9. exf6 Nxf6 10. O-O Bd6 11. Nf3 Qc7 12. Bg5 O-O 13. Rc1 Ng4 14. Ng3 g6 15.
Nh4 e5 16. Be2 Nf6 17. dxe5 Bxe5 18. b3 Bf4 19. Bxf4 Qxf4 20. Nf3 a6 21. Qd2
Qxd2 22. Nxd2 Bd7 23. Nf3 Rac8 24. Rfd1 Nb4 25. a4 Bg4 26. Nd4 Bxe2 27. Ngxe2
Kf7 28. f3 Ke7 29. Rxc8 Rxc8 30. Rc1 Rxc1+ 31. Nxc1 Nc6 32. Nce2 Kd6 33. Kf2
Kc5 34. Ke3 Kb4 35. Kd3 1/2-1/2

[Event "URS-ch FL54"]
[Site "Irkutsk"]
[Date "1986.??.??"]
[Round "?"]
[White "Bareev, Evgeny"]
[Black "Dolmatov, Sergey"]
[Result "1/2-1/2"]
[WhiteElo "2470"]
[BlackElo "2510"]
[PlyCount "84"]
[EventDate "1986.10.??"]
[EventType "tourn"]
[EventRounds "17"]
[EventCountry "URS"]
[EventCategory "10"]
[SourceTitle "TD"]
[Source "ChessBase"]
[SourceDate "1994.03.01"]
[SourceVersion "1"]
[SourceVersionDate "1994.03.01"]
[SourceQuality "1"]

1. d4 Nf6 2. c4 e6 3. Nc3 Bb4 4. e3 c5 5. Nge2 cxd4 6. exd4 d5 7. c5 Ne4 8. Bd2
Nxd2 9. Qxd2 a5 10. a3 Bxc3 11. Nxc3 a4 12. Bd3 b6 13. cxb6 Qxb6 14. Bc2 Bd7
15. O-O O-O 16. Rfe1 Rc8 17. Rad1 Rc4 18. Bd3 Rc8 19. Re3 Nc6 20. Rg3 Ne7 21.
h4 Qd8 22. Re1 Kh8 23. Re5 f5 24. Re1 Rab8 25. h5 h6 26. Ne2 Rb6 27. Nf4 Qf8
28. Qe3 Qf6 29. Ng6+ Nxg6 30. Rxg6 f4 31. Rxf6 fxe3 32. Rf7 exf2+ 33. Rxf2 Kg8
34. Kh2 Rcb8 35. Ree2 Bb5 36. Bxb5 Rxb5 37. Rxe6 Rxb2 38. Rxb2 Rxb2 39. Ra6 Rd2
40. Rxa4 Kf7 41. Kh3 Kf6 42. Rb4 Kg5 1/2-1/2

[Event "URS-ch FL54"]
[Site "Irkutsk"]
[Date "1986.??.??"]
[Round "?"]
[White "Dolmatov, Sergey"]
[Black "Dokhoian, Yury"]
[Result "1/2-1/2"]
[WhiteElo "2510"]
[BlackElo "2450"]
[PlyCount "85"]
[EventDate "1986.10.??"]
[EventType "tourn"]
[EventRounds "17"]
[EventCountry "URS"]
[EventCategory "10"]
[SourceTitle "TD"]
[Source "ChessBase"]
[SourceDate "1994.03.01"]
[SourceVersion "1"]
[SourceVersionDate "1994.03.01"]
[SourceQuality "1"]

1. e4 e6 2. d4 d5 3. Nc3 Bb4 4. e5 c5 5. a3 Bxc3+ 6. bxc3 Ne7 7. Nf3 b6 8. Bb5+
Bd7 9. Bd3 Ba4 10. h4 Nbc6 11. h5 h6 12. g3 Rc8 13. Be3 Na5 14. O-O Qd7 15. Nh4
Bb5 16. Qg4 Bxd3 17. cxd3 cxd4 18. cxd4 g5 19. hxg6 fxg6 20. Ng2 Nac6 21. Rac1
Nd8 22. Rxc8 Qxc8 23. Nf4 Qd7 24. Kg2 Rf8 25. Rh1 h5 26. Qe2 Ndc6 27. Qb2 Kd8
28. g4 Kc8 29. gxh5 gxh5 30. Nxh5 Qe8 31. Ng3 Nf5 32. Nxf5 Rxf5 33. Qe2 Rf8 34.
Qh5 Rg8+ 35. Kf1 Qxh5 36. Rxh5 Rg7 37. Ke2 Ne7 38. Rh6 Kd7 39. Kd2 Nf5 40. Rh8
a5 41. Kc3 Rg1 42. Rb8 Kc7 43. Re8 1/2-1/2

[Event "URS-ch FL54"]
[Site "Irkutsk"]
[Date "1986.??.??"]
[Round "?"]
[White "Dolmatov, Sergey"]
[Black "Kruppa, Yuri"]
[Result "1-0"]
[WhiteElo "2510"]
[BlackElo "2445"]
[PlyCount "55"]
[EventDate "1986.10.??"]
[EventType "tourn"]
[EventRounds "17"]
[EventCountry "URS"]
[EventCategory "10"]
[SourceTitle "TD"]
[Source "ChessBase"]
[SourceDate "1994.03.01"]
[SourceVersion "1"]
[SourceVersionDate "1994.03.01"]
[SourceQuality "1"]

1. e4 e5 2. Nf3 Nc6 3. Bc4 Bc5 4. c3 Nf6 5. d3 d6 6. O-O O-O 7. Bb3 a6 8. Nbd2
Ba7 9. Nc4 Ne7 10. Bg5 Ng6 11. Nh4 Bg4 12. Qc2 Nf4 13. Ne3 Ne6 14. Bxe6 Bxe6
15. Nhf5 h6 16. Bh4 Kh7 17. d4 g5 18. Bg3 Nh5 19. Qe2 Nf4 20. Qf3 Rg8 21. dxe5
dxe5 22. Rfd1 Qf8 23. Ng4 f6 24. Nfxh6 Rh8 25. Nf5 Kg6 26. h4 Bc4 27. Bxf4 gxf4
28. Nxe5+ 1-0

[Event "URS-ch FL54"]
[Site "Irkutsk"]
[Date "1986.??.??"]
[Round "?"]
[White "Dolmatov, Sergey"]
[Black "Serper, Grigory"]
[Result "1/2-1/2"]
[WhiteElo "2510"]
[BlackElo "2200"]
[PlyCount "171"]
[EventDate "1986.10.??"]
[EventType "tourn"]
[EventRounds "17"]
[EventCountry "URS"]
[EventCategory "10"]
[SourceTitle "TD"]
[Source "ChessBase"]
[SourceDate "1994.03.01"]
[SourceVersion "1"]
[SourceVersionDate "1994.03.01"]
[SourceQuality "1"]

1. d4 Nf6 2. c4 c6 3. Nc3 d6 4. e4 e5 5. d5 Be7 6. g3 O-O 7. Bg2 cxd5 8. cxd5
a6 9. Nge2 b5 10. O-O Nbd7 11. b4 Nb6 12. a4 bxa4 13. Nxa4 Bd7 14. Nb2 Qc7 15.
Bd2 Rfc8 16. Rc1 Qb7 17. Re1 Rxc1 18. Qxc1 Rc8 19. Qb1 Nc4 20. Nxc4 Rxc4 21.
Rc1 Rxc1+ 22. Qxc1 Bb5 23. Qe1 Bd8 24. Nc3 Bc4 25. Na4 Bb5 26. Nc3 Bc4 27. Na4
Bb3 28. Nb2 Bb6 29. Qc1 Bd4 30. Be1 g6 31. Bf3 Qb5 32. Bc3 Bb6 33. Qd2 Ba2 34.
Qc2 Ba7 35. Be2 Bb1 36. Bxb5 Bxc2 37. Bxa6 Bxe4 38. b5 Nxd5 39. Ba5 Bb6 40. Bd2
Nc7 41. Nc4 Bc5 42. Ba5 Nxa6 43. bxa6 Bd3 44. a7 Bxa7 45. Nxd6 Bc5 46. Ne8 Bd4
47. Nf6+ Kg7 48. Bd8 e4 49. Ne8+ Kf8 50. Nf6 Kg7 51. Ne8+ Kf8 52. Nf6 h6 53. h4
Kg7 54. Ne8+ Kf8 55. Nf6 h5 56. Kg2 Kg7 57. Ne8+ Kf8 58. Nf6 Bc2 59. Nd5 Bd1
60. Bf6 Bf3+ 61. Kf1 Bc5 62. Bg5 Bd4 63. Nf6 Kg7 64. Ne8+ Kf8 65. Nf6 Bb2 66.
Kg1 Kg7 67. Ne8+ Kf8 68. Nf6 e3 69. fxe3 Bc6 70. e4 Kg7 71. Nd5 f5 72. Kf2 fxe4
73. Ne3 Bd4 74. Ke1 Bd7 75. Kf2 Kf7 76. Bf4 Bg4 77. Ke1 Ke6 78. Kf2 Kd7 79. Kg1
Kc6 80. Kf2 Kb5 81. Ke1 Ba7 82. Kf2 Kb4 83. Ke1 Kc3 84. Kf2 Kd3 85. Bg5 Bb8 86.
Bh6 1/2-1/2

[Event "URS-ch FL54"]
[Site "Irkutsk"]
[Date "1986.??.??"]
[Round "?"]
[White "Dolmatov, Sergey"]
[Black "Timoscenko, Gennadij"]
[Result "1/2-1/2"]
[WhiteElo "2510"]
[BlackElo "2475"]
[PlyCount "110"]
[EventDate "1986.10.??"]
[EventType "tourn"]
[EventRounds "17"]
[EventCountry "URS"]
[EventCategory "10"]
[SourceTitle "TD"]
[Source "ChessBase"]
[SourceDate "1994.03.01"]
[SourceVersion "1"]
[SourceVersionDate "1994.03.01"]
[SourceQuality "1"]

1. e4 e5 2. Nf3 Nc6 3. Bc4 Nf6 4. d3 Bc5 5. O-O d6 6. c3 O-O 7. Bb3 a6 8. Nbd2
Ba7 9. Nc4 h6 10. a4 Be6 11. a5 Qd7 12. Re1 Ng4 13. Ne3 Nxe3 14. Bxe3 Bxe3 15.
Rxe3 Bxb3 16. Qxb3 Rab8 17. h3 Rfe8 18. d4 b6 19. axb6 Rxb6 20. Qc2 Reb8 21. d5
Ne7 22. b4 f5 23. Nd2 fxe4 24. Qxe4 Rf8 25. Rf3 Rxf3 26. Qxf3 Rb5 27. Rxa6 Rxd5
28. Ra8+ Kh7 29. Qf7 Qf5 30. Qxe7 Rxd2 31. Rf8 Rd1+ 32. Kh2 Qb1 33. Qe6 Rh1+
34. Kg3 Qg6+ 35. Qxg6+ Kxg6 36. Rc8 Rb1 37. Rxc7 d5 38. Rd7 Rb3 39. Rxd5 Rxc3+
40. Kh2 Rb3 41. Rb5 h5 42. h4 e4 43. Rg5+ Kh6 44. b5 g6 45. g3 Kg7 46. Kg2 Rb1
47. Rc5 Kf6 48. Rc6+ Kf7 49. b6 Kg7 50. Rc7+ Kf6 51. Rb7 Ke6 52. Rb8 Kf7 53. b7
Kg7 54. g4 hxg4 55. Kg3 Rb4 1/2-1/2

[Event "URS-ch FL54"]
[Site "Irkutsk"]
[Date "1986.??.??"]
[Round "?"]
[White "Vyzmanavin, Alexey"]
[Black "Dolmatov, Sergey"]
[Result "0-1"]
[WhiteElo "2480"]
[BlackElo "2510"]
[PlyCount "100"]
[EventDate "1986.10.??"]
[EventType "tourn"]
[EventRounds "17"]
[EventCountry "URS"]
[EventCategory "10"]
[SourceTitle "TD"]
[Source "ChessBase"]
[SourceDate "1994.03.01"]
[SourceVersion "1"]
[SourceVersionDate "1994.03.01"]
[SourceQuality "1"]

1. d4 Nf6 2. c4 e6 3. Nc3 Bb4 4. e3 c5 5. Bd3 Nc6 6. Nge2 cxd4 7. exd4 d5 8.
cxd5 Nxd5 9. O-O O-O 10. Qc2 h6 11. a3 Be7 12. Rd1 Bf6 13. Bc4 Nce7 14. Qe4 Re8
15. Nf4 Nxc3 16. bxc3 Nf5 17. Ba2 Rb8 18. Nh5 b5 19. Bf4 Rb6 20. Rd3 Bg5 21.
Re1 Bb7 22. Qe5 Bxf4 23. Nxf4 Kf8 24. h3 Qb8 25. Qc5+ Qd6 26. Re5 Qxc5 27. dxc5
Ra6 28. Rd7 Bc8 29. Rc7 Ne7 30. Re2 Rxa3 31. Rb2 Rd8 32. Ne2 Ke8 33. Nd4 b4 34.
Nb5 bxc3 35. Rc2 Rd1+ 36. Kh2 Ra5 37. Nd6+ Kd8 38. Rxc8+ Kd7 39. Bb3 Rxd6 40.
Ra8 Rxc5 41. Ba4+ Kc7 42. Rxa7+ Kd8 43. Rb7 Rd4 44. Bb3 Rd7 45. Rb8+ Nc8 46.
Kg3 Ke7 47. Ra2 Kf6 48. Rb4 Ne7 49. Kf3 Nf5 50. Bc2 Rd2 0-1

[Event "Moscow TV"]
[Site "Moscow"]
[Date "1987.??.??"]
[Round "?"]
[White "Bareev, Evgeny"]
[Black "Dolmatov, Sergey"]
[Result "1/2-1/2"]
[WhiteElo "2535"]
[BlackElo "2515"]
[PlyCount "65"]
[EventDate "1987.05.08"]
[EventType "team-schev (rapid)"]
[EventRounds "4"]
[EventCountry "URS"]
[SourceTitle "CBM 004"]
[Source "ChessBase"]
[SourceDate "1988.06.01"]
[SourceVersion "1"]
[SourceVersionDate "1988.06.01"]
[SourceQuality "1"]

1. d4 e6 2. c4 f5 3. Nc3 Nf6 4. e3 Bb4 5. Nge2 O-O 6. g3 d6 7. Bg2 e5 8. O-O
Bxc3 9. Nxc3 c6 10. dxe5 dxe5 11. Qxd8 Rxd8 12. f4 e4 13. b3 Be6 14. Ba3 Ng4
15. Rad1 Na6 16. Rxd8+ Rxd8 17. Rd1 Rxd1+ 18. Nxd1 Kf7 19. Bf1 Nb8 20. Be2 Nf6
21. Nf2 b6 22. Bb2 c5 23. h3 Nc6 24. g4 g6 25. gxf5 gxf5 26. Kf1 Ke7 27. Ke1
Bf7 28. Nh1 Ke6 29. Ng3 Nb8 30. Kd2 Nbd7 31. a3 a5 32. Kc3 h5 33. h4 1/2-1/2

[Event "Moscow TV"]
[Site "Moscow"]
[Date "1987.??.??"]
[Round "?"]
[White "Polugaevsky, Lev"]
[Black "Dolmatov, Sergey"]
[Result "1/2-1/2"]
[WhiteElo "2585"]
[BlackElo "2515"]
[PlyCount "74"]
[EventDate "1987.05.08"]
[EventType "team-schev (rapid)"]
[EventRounds "4"]
[EventCountry "URS"]
[SourceTitle "CBM 004"]
[Source "ChessBase"]
[SourceDate "1988.06.01"]
[SourceVersion "1"]
[SourceVersionDate "1988.06.01"]
[SourceQuality "1"]

1. d4 e6 2. Nf3 c5 3. e4 cxd4 4. Nxd4 Nf6 5. Nc3 Nc6 6. g3 d5 7. Bg2 Bc5 8. Nb3
Bb4 9. Bd2 O-O 10. exd5 exd5 11. O-O Bg4 12. f3 Be6 13. Ne2 Qb6+ 14. Kh1 a5 15.
Bg5 Be7 16. Nbd4 Qxb2 17. Rb1 Qxa2 18. Rxb7 Nxd4 19. Nxd4 Rfe8 20. Nxe6 fxe6
21. Qe2 Bf8 22. Bxf6 gxf6 23. f4 Kh8 24. Qh5 Re7 25. Rxe7 Bxe7 26. Qf7 Qa3 27.
Qxe6 Qd6 28. Qf5 a4 29. Rd1 Bf8 30. Rxd5 Qe7 31. Re5 fxe5 32. Bxa8 a3 33. Bd5
exf4 34. Qxf4 Qe1+ 35. Kg2 Qe2+ 36. Qf2 Qxf2+ 37. Kxf2 Kg7 1/2-1/2

[Event "Moscow-A"]
[Site "Moscow"]
[Date "1987.??.??"]
[Round "?"]
[White "Dolmatov, Sergey"]
[Black "Hodgson, Julian"]
[Result "0-1"]
[WhiteElo "2515"]
[BlackElo "2520"]
[PlyCount "96"]
[EventDate "1987.06.??"]
[EventType "tourn"]
[EventRounds "13"]
[EventCountry "URS"]
[EventCategory "12"]
[SourceTitle "TD"]
[Source "ChessBase"]
[SourceDate "1994.03.01"]
[SourceVersion "1"]
[SourceVersionDate "1994.03.01"]
[SourceQuality "1"]

1. d4 Nf6 2. Nf3 e6 3. c4 c5 4. d5 exd5 5. cxd5 Bd6 6. Nc3 Bc7 7. g3 d6 8. Bg2
O-O 9. O-O a6 10. a4 Re8 11. b3 Nbd7 12. Nd2 Rb8 13. e4 Nf8 14. h3 Ng6 15. Bb2
Ba5 16. f4 b5 17. axb5 axb5 18. Qf3 Bd7 19. Kh2 Ra8 20. Rfe1 Bb6 21. Qd3 Rxa1
22. Rxa1 Ba5 23. Rd1 Qb8 24. Na2 Bd8 25. b4 c4 26. Qf3 Qa7 27. Nc3 h5 28. Kh1
Kh7 29. Nf1 Bb6 30. Nh2 Kg8 31. Ra1 Qb7 32. Rd1 Qc8 33. Qf1 Ba7 34. Bc1 Qa6 35.
Qe2 Qb6 36. g4 hxg4 37. hxg4 Qf2 38. Qxf2 Bxf2 39. Bf3 Nh4 40. g5 Nxf3 41. gxf6
Ne1 42. Bd2 Nd3 43. Kg2 Bd4 44. fxg7 Nxf4+ 45. Kf3 Nd3 46. Ra1 Kxg7 47. Nf1 Rb8
48. Ra6 Ne5+ 0-1

[Event "Moscow-A"]
[Site "Moscow"]
[Date "1987.??.??"]
[Round "?"]
[White "Dolmatov, Sergey"]
[Black "Vasiukov, Evgeni"]
[Result "1-0"]
[WhiteElo "2515"]
[BlackElo "2510"]
[PlyCount "97"]
[EventDate "1987.06.??"]
[EventType "tourn"]
[EventRounds "13"]
[EventCountry "URS"]
[EventCategory "12"]
[SourceTitle "TD"]
[Source "ChessBase"]
[SourceDate "1994.03.01"]
[SourceVersion "1"]
[SourceVersionDate "1994.03.01"]
[SourceQuality "1"]

1. e4 e5 2. Nf3 Nc6 3. Bc4 Nf6 4. d3 h6 5. O-O d6 6. c3 g5 7. d4 g4 8. Ne1 Bg7
9. d5 Ne7 10. Bd3 Ng6 11. c4 h5 12. Nc3 Kf8 13. g3 Bh6 14. Be2 Kg7 15. Ng2 Bd7
16. Ne3 Qc8 17. Bd2 Rh7 18. Re1 h4 19. Nf1 c5 20. dxc6 Bxc6 21. Bxh6+ Rxh6 22.
Qd3 hxg3 23. fxg3 Qc7 24. Qe3 Rah8 25. b4 a6 26. Rac1 Rh3 27. Nd5 Bxd5 28. cxd5
Qd7 29. Rc3 Nf4 30. Rec1 Qa4 31. a3 Nxe2+ 32. Qxe2 a5 33. Rb1 Kg6 34. Rb2 R3h5
35. Qd3 R5h6 36. Rc4 Qb5 37. Qc3 a4 38. Ne3 Qb6 39. Rf2 Rh5 40. Qe1 R8h7 41.
Qe2 Rg5 42. Nf5 Rgh5 43. Kh1 Rh3 44. Qf1 Qd8 45. Rc8 Qd7 46. Qc4 b5 47. Qc2 Qa7
48. Rc6 Nxe4 49. Nxd6 1-0

[Event "Moscow-A"]
[Site "Moscow"]
[Date "1987.??.??"]
[Round "?"]
[White "Hjartarson, Johann"]
[Black "Dolmatov, Sergey"]
[Result "1/2-1/2"]
[WhiteElo "2545"]
[BlackElo "2515"]
[PlyCount "49"]
[EventDate "1987.06.??"]
[EventType "tourn"]
[EventRounds "13"]
[EventCountry "URS"]
[EventCategory "12"]
[SourceTitle "TD"]
[Source "ChessBase"]
[SourceDate "1994.03.01"]
[SourceVersion "1"]
[SourceVersionDate "1994.03.01"]
[SourceQuality "1"]

1. d4 e6 2. c4 f5 3. Nf3 Nf6 4. g3 d5 5. Bg2 c6 6. O-O Bd6 7. b3 Qe7 8. Bb2 O-O
9. Ne5 Ne4 10. Qc1 Nd7 11. Nd3 b6 12. Ba3 Bb7 13. Bxd6 Qxd6 14. e3 Rac8 15. Na3
c5 16. Qb2 Qe7 17. Rac1 Rfd8 18. cxd5 exd5 19. Rfd1 Ndf6 20. dxc5 bxc5 21. Qe5
Qxe5 22. Nxe5 Ba6 23. h3 Kf8 24. Bf1 Bxf1 25. Kxf1 1/2-1/2

[Event "Moscow-A"]
[Site "Moscow"]
[Date "1987.??.??"]
[Round "?"]
[White "Malaniuk, Vladimir"]
[Black "Dolmatov, Sergey"]
[Result "1/2-1/2"]
[WhiteElo "2575"]
[BlackElo "2515"]
[PlyCount "21"]
[EventDate "1987.06.??"]
[EventType "tourn"]
[EventRounds "13"]
[EventCountry "URS"]
[EventCategory "12"]
[SourceTitle "TD"]
[Source "ChessBase"]
[SourceDate "1994.03.01"]
[SourceVersion "1"]
[SourceVersionDate "1994.03.01"]
[SourceQuality "1"]

1. e4 c5 2. Nf3 e6 3. b3 d6 4. d4 cxd4 5. Nxd4 Nf6 6. Bd3 Nbd7 7. O-O Nc5 8.
Re1 Be7 9. Bb5+ Bd7 10. Bxd7+ Qxd7 11. Nd2 1/2-1/2

[Event "FRA-chT"]
[Site "France"]
[Date "1988.??.??"]
[Round "?"]
[White "Gurevich, Mikhail"]
[Black "Dolmatov, Sergey"]
[Result "1-0"]
[WhiteElo "2625"]
[BlackElo "2565"]
[PlyCount "81"]
[EventDate "1988.??.??"]
[EventType "team"]
[EventRounds "11"]
[EventCountry "FRA"]
[SourceTitle "EXT 2002"]
[Source "ChessBase"]
[SourceDate "2001.11.25"]
[SourceVersion "1"]
[SourceVersionDate "2001.11.25"]
[SourceQuality "1"]

1. d4 d5 2. c4 e6 3. Nc3 Nf6 4. Nf3 Be7 5. Bf4 O-O 6. e3 b6 7. Qc2 c5 8. dxc5
bxc5 9. Be2 Bb7 10. O-O Nbd7 11. Rfd1 Rc8 12. Rd2 Qb6 13. cxd5 exd5 14. Ne5
Rfd8 15. Bf3 Nxe5 16. Bxe5 d4 17. Bxb7 dxc3 18. Rxd8+ Rxd8 19. Bf3 cxb2 20.
Bxb2 Qc7 21. g3 h6 22. h4 Bd6 23. Bxf6 gxf6 24. Qf5 Be5 25. Rd1 Rxd1+ 26. Bxd1
c4 27. Bc2 Kf8 28. Kg2 Qc6+ 29. Be4 Qe6 30. Qh7 Qg4 31. Qxh6+ Qg7 32. Qxg7+
Kxg7 33. Bc2 Bc3 34. Kf1 Bd2 35. Ke2 c3 36. g4 Bc1 37. g5 Bd2 38. f4 Bc1 39.
Kf3 Bd2 40. e4 Be1 41. Kg4 1-0

[Event "URS-chT"]
[Site "Nabereznye Chelny"]
[Date "1988.??.??"]
[Round "?"]
[White "Dolmatov, Sergey"]
[Black "Balashov, Yuri"]
[Result "1/2-1/2"]
[WhiteElo "2550"]
[BlackElo "2540"]
[PlyCount "71"]
[EventDate "1988.??.??"]
[EventType "team"]
[EventRounds "11"]
[EventCountry "URS"]
[SourceTitle "TD"]
[Source "ChessBase"]
[SourceDate "1994.03.01"]
[SourceVersion "1"]
[SourceVersionDate "1994.03.01"]
[SourceQuality "1"]

1. e4 e5 2. Nf3 Nc6 3. Bb5 a6 4. Ba4 Nf6 5. O-O Be7 6. Re1 b5 7. Bb3 d6 8. c3
O-O 9. h3 Nd7 10. d4 Bf6 11. Be3 Na5 12. Bc2 Nc4 13. Bc1 Bb7 14. a4 c5 15. d5
Ncb6 16. b3 g6 17. Qe2 c4 18. b4 Qc7 19. Nfd2 bxa4 20. Bxa4 Nxa4 21. Rxa4 Nb6
22. Ra5 Bd8 23. Nf3 f5 24. Bh6 fxe4 25. Qxe4 Rf5 26. g4 Rf7 27. Rd1 Nd7 28. Ng5
Bxg5 29. Bxg5 Nf6 30. Qg2 Kg7 31. Nd2 h6 32. Be3 Rc8 33. Nf1 Rff8 34. Ng3 Qf7
35. Kh2 Kh7 36. Rd2 1/2-1/2

[Event "URS-chT"]
[Site "Nabereznye Chelny"]
[Date "1988.??.??"]
[Round "?"]
[White "Gipslis, Aivars"]
[Black "Dolmatov, Sergey"]
[Result "1/2-1/2"]
[WhiteElo "2485"]
[BlackElo "2550"]
[PlyCount "29"]
[EventDate "1988.??.??"]
[EventType "team"]
[EventRounds "11"]
[EventCountry "URS"]
[SourceTitle "TD"]
[Source "ChessBase"]
[SourceDate "1994.03.01"]
[SourceVersion "1"]
[SourceVersionDate "1994.03.01"]
[SourceQuality "1"]

1. e4 e6 2. d4 d5 3. Nd2 c5 4. Ngf3 Nc6 5. exd5 exd5 6. Bb5 Bd6 7. dxc5 Bxc5 8.
O-O Nge7 9. Nb3 Bb6 10. c4 dxc4 11. Qxd8+ Bxd8 12. Bxc4 O-O 13. Bf4 Ng6 14. Bd6
Be7 15. Bxe7 1/2-1/2

[Event "URS-chT"]
[Site "Nabereznye Chelny"]
[Date "1988.??.??"]
[Round "?"]
[White "Sveshnikov, Evgeny"]
[Black "Dolmatov, Sergey"]
[Result "1/2-1/2"]
[WhiteElo "2450"]
[BlackElo "2550"]
[PlyCount "105"]
[EventDate "1988.??.??"]
[EventType "team"]
[EventRounds "11"]
[EventCountry "URS"]
[SourceTitle "TD"]
[Source "ChessBase"]
[SourceDate "1994.03.01"]
[SourceVersion "1"]
[SourceVersionDate "1994.03.01"]
[SourceQuality "1"]

1. e4 e6 2. d4 d5 3. e5 c5 4. c3 Nc6 5. Nf3 Bd7 6. Be2 Nge7 7. Na3 cxd4 8. cxd4
Nf5 9. Nc2 Qb6 10. O-O Na5 11. g4 Ne7 12. Nfe1 Bb5 13. Nd3 h5 14. gxh5 Nf5 15.
Be3 Nc4 16. a4 Ncxe3 17. fxe3 Bc4 18. Nf4 Bb3 19. Bb5+ Kd8 20. Qe2 Bxc2 21. a5
Qc7 22. Rfc1 Rc8 23. a6 b6 24. Ba4 Qc4 25. Rxc2 Qxe2 26. Rxc8+ Kxc8 27. Nxe2
Be7 28. Rc1+ Kd8 29. Ng3 Nxe3 30. Rc3 Nc4 31. b3 Na5 32. Kg2 Bb4 33. Rc2 Be1
34. Rc1 Bxg3 35. hxg3 Rxh5 36. Rf1 Rf5 37. Rh1 b5 38. Bxb5 Kc7 39. Bd3 Rg5 40.
Rf1 f6 41. exf6 gxf6 42. Rxf6 Rg4 43. Rf7+ Kb6 44. Re7 Rxd4 45. Rxe6+ Kc5 46.
Bf5 Rd2+ 47. Kf1 Nxb3 48. Re7 Nd4 49. g4 Nxf5 50. gxf5 Rd4 51. Ke2 Rf4 52. Rf7
d4 53. Rxa7 1/2-1/2